| 000 | 01473cam a2200133 4500500 | ||
|---|---|---|---|
| 005 | 20260222000035.0 | ||
| 041 | _afre | ||
| 042 | _adc | ||
| 100 | 1 | 0 |
_aCrignon, Albert-Marie _eauthor |
| 245 | 0 | 0 | _aQui es-tu, mon fils ? : La vie prophétique de Jacob et Rachel, Gn 25-35 |
| 260 |
_bÉditions du Cerf,
_c2019. |
||
| 520 | _aDans cette étude biblique tourbillonnante d’érudition, le frère Albert-Marie Crignon aborde un thème d’une extraordinaire contemporanéité : la filiation. « Qui es-tu, mon fils ? », c’est en effet la troublante question que pose Isaac à Jacob, en le prenant pour Ésaü. Ainsi, à travers cette véritable enquête d’un passage fameux de la Genèse (l’histoire de Jacob et de sa famille), c’est tous les rapports de père à fils dans la Bible qui sont décryptés. Sans jamais s’éloigner du sens littéral, l’auteur, en bon exégète, donne vie à ces si beaux récits de l’Ancien Testament, qui sont lus comme des prophéties annonçant l’avènement d’un Fils en qui tous sont sauvés, le Christ. Derrière une histoire de famille peu catholique — Jacob épouse Rachel et sa soeur, et il est également le père des enfants de leurs servantes —, c’est notre condition de fils et de fille, et notre rapport au Père des Cieux, que nous sommes invités à interroger. Et à réinvestir. | ||
| 856 | 4 | 1 | _uhttps://shs.cairn.info/qui-es-tu-mon-fils--9782204133272?lang=fr&redirect-ssocas=7080 |
| 999 |
_c1662426 _d1662426 |
||